中國文化的深層結構 = Zhongguo wen hua de shen ceng jie gou / (Record no. 38818)
[ view plain ]
| 000 -LEADER | |
|---|---|
| fixed length control field | 00954cam a2200265 4500 |
| 001 - CONTROL NUMBER | |
| control field | C0111274 |
| 005 - DATE AND TIME OF LATEST TRANSACTION | |
| control field | 20230127112651.0 |
| 008 - FIXED-LENGTH DATA ELEMENTS--GENERAL INFORMATION | |
| fixed length control field | 110719s2007 -hk 000 0 chi d |
| 020 ## - INTERNATIONAL STANDARD BOOK NUMBER | |
| International Standard Book Number | 9789628884247 (平裝) : |
| Terms of availability | 港幣88元 |
| 041 ## - LANGUAGE CODE | |
| Language code of text/sound track or separate title | chi |
| 100 1# - MAIN ENTRY--PERSONAL NAME | |
| Personal name | 孫隆基 Sun, Lung-Kee, |
| Relator term | 著 |
| 245 10 - TITLE STATEMENT | |
| Title | 中國文化的深層結構 = Zhongguo wen hua de shen ceng jie gou / |
| Statement of responsibility, etc | 孫隆基著 = Sun Longji zhu = [by Lung-Kee Sun]. |
| 250 ## - EDITION STATEMENT | |
| Edition statement | 二版二刷. |
| 260 ## - PUBLICATION, DISTRIBUTION, ETC. (IMPRINT) | |
| Place of publication, distribution, etc | [香港] [Xianggang] : |
| Name of publisher, distributor, etc | 花千樹出版有限公司 [Huaqianshu Publishing Company Ltd.] , |
| Date of publication, distribution, etc | 2013. |
| 300 ## - PHYSICAL DESCRIPTION | |
| Extent | x, 546 pages: |
| Other physical details | illustrations; |
| Dimensions | 21cm. |
| 336 ## - CONTENT TYPE | |
| Source | rdacontent |
| Content Type Term | text. |
| 337 ## - MEDIA TYPE | |
| Source | rdamedia |
| Media Type Term | unmediated. |
| 338 ## - CARRIER TYPE | |
| Source | rdacarrier |
| Carrier Type Term | volume. |
| 650 ## - SUBJECT ADDED ENTRY--TOPICAL TERM | |
| Topical term or geographic name as entry element | Civilization {ch}. |
| 650 ## - SUBJECT ADDED ENTRY--TOPICAL TERM | |
| Topical term or geographic name as entry element | National characteristics |
| General subdivision | Chinese {ch}. |
| 651 ## - SUBJECT ADDED ENTRY--GEOGRAPHIC NAME | |
| Geographic name | China {ch}. |
| 651 ## - SUBJECT ADDED ENTRY--GEOGRAPHIC NAME | |
| Source of heading or term | China |
| General subdivision | civilization {ch}. |
| 700 ## - ADDED ENTRY--PERSONAL NAME | |
| Personal name | Sun Longji, |
| Relator term | 著 |
| 942 ## - ADDED ENTRY ELEMENTS (KOHA) | |
| Source of classification or shelving scheme | Library of Congress Classification |
| Item type | Books |
| Edition | 二版二刷. |
| Withdrawn status | Lost status | Source of classification or shelving scheme | Damaged status | Not for loan | Home library | Current library | Shelving location | Date acquired | Source of acquisition | Inventory number | Total Checkouts | Full call number | Barcode | Date last seen | Price effective from | Koha item type |
|---|---|---|---|---|---|---|---|---|---|---|---|---|---|---|---|---|
| Library of Congress Classification | BSOP Library | BSOP Library | Chinese Books (General Circulation) | 07/02/2015 | Gift - Brother Daniel | C-13563 | DS721 Su7 | 00045963 | 07/02/2015 | 07/02/2015 | Books |
